| 000 | 00511nam a2200157 a 4500 | ||
|---|---|---|---|
| 020 | _a9789588272887 | ||
| 090 |
_aLB _b05321 |
||
| 041 | _aspa | ||
| 100 |
_aCamargo García, Juan Carlos _91500 |
||
| 245 | _aMensura e inventario forestal para la planificación y manejo sostenible de bosques de guadua | ||
| 260 |
_aPereira _bUniversidad Tecnológica de Pereira _bGATA _bColciencias _c2007 |
||
| 300 | _a125 p. | ||
| 700 |
_aMorales Pinzón, Tito _921909 |
||
| 700 |
_aGarcía, Jorge Hugo _992617 |
||
| 942 | _cIMPRESO | ||
| 999 |
_c6631 _d6631 |
||